| 000 | 01023nam a2200301 c 4500 | ||
|---|---|---|---|
| 003 | BLK | ||
| 005 | 20201017123142.0 | ||
| 008 | 180407b bul|||||r ||||||| ||bul|| | ||
| 010 | _aKNG00033031000 | ||
| 020 |
_a954-07-1260-2 _bиздат.: Унив. изд. Св. Климент Охридски |
||
| 040 | _aBLK | ||
| 041 |
_aBUL _cBUL |
||
| 080 |
_aБългарска литература _b821.163.2 _x-32 _z821.163.2-32 |
||
| 100 | 1 |
_aЕдрин, Христо _eпърви автор _966738 |
|
| 139 |
_aЕдрин, Христо _bЕ 34 |
||
| 245 | 1 | 0 |
_aКъси и злобни разкази _cХристо Едрин. |
| 257 | _aBGR | ||
| 260 |
_аСофия _bУнив. изд. Св. Климент Охридски _c1998 |
||
| 300 |
_a151 с. _c20 см |
||
| 380 | _aX | ||
| 500 | _aДеп. списък: дарение | ||
| 653 | _aразкази | ||
| 852 | _aЦб 205499 | ||
| 856 | 4 |
_qpdf _u |
|
| 856 | 4 |
_qpdf _u |
|
| 942 |
_cKNG _n0 _03 |
||
| 944 |
_aCR _c15.01.2003 _kAB_DOS |
||
| 944 |
_aED _c19.01.2017 _kЛили_Борисова |
||
| 999 |
_c30398 _d30398 |
||